Pieds nus dans l´ aube
Spremljeno u:
| Glavni autor: | |
|---|---|
| Format: | Knjiga |
| Jezik: | Undetermined |
| Izdano: |
Montreal, Canadá
ides
1946
|
| Teme: | |
| Oznake: |
Dodaj oznaku
Bez oznaka, Budi prvi tko označuje ovaj zapis!
|
MARC
| LEADER | 00000nam a2200000Ia 4500 | ||
|---|---|---|---|
| 008 | 170316s9999 xx 000 0 und d | ||
| 040 | |a cru BVZT | ||
| 090 | |a 818 L-14p | ||
| 100 | |a Leclerc, Félix | ||
| 245 | |a Pieds nus dans l´ aube | ||
| 260 | |a Montreal, Canadá | ||
| 260 | |b ides | ||
| 260 | |c 1946 | ||
| 300 | |a 215 páginas | ||
| 650 | |a LITERATURA CANADIENSE | ||
| 999 | |c 6509 |d 6509 | ||
| 942 | |c 15 D |h 818 L-14p |2 z | ||
